Temas de salud. Manual para la preparación del Certificado Superior de Español de la Salud de la Cámara de Comercio de Madrid.

Uloženo v:
Podrobná bibliografie
Hlavní autor: Juan, Carmen Rosa de (autora)
Další autoři: Prada, Marisa de (autora), Marcé, Pilar (autora), Salazar, Danica (autora)
Médium: Kniha
Vydáno: Madrid, España: Edinumen, 2009.
Edice:Temas de Salud.
Témata:
Tagy: Přidat tag
Žádné tagy, Buďte první, kdo vytvoří štítek k tomuto záznamu!

MARC

LEADER 00000nam a22000007a 4500
003 CL-VaPUC
005 20240812122438.0
008 240808t2009 ||||| |||| 00| 0 eng d
999 |c 444423  |d 444421 
020 |a 978-84-9848-033-7 
040 |c Pontificia Universidad Católica de Valparaíso 
082 |2 22  |a 465 JUA 2009 
100 1 |a Juan, Carmen Rosa de  |e autora  |9 890600 
245 |a Temas de salud.  |b Manual para la preparación del Certificado Superior de Español de la Salud de la Cámara de Comercio de Madrid. 
260 |a Madrid, España:  |b Edinumen,  |c 2009. 
300 |a 211 páginas. 
490 |a Temas de Salud. 
500 |a c.1 Entregado por Profesor René Venegas 08-08-2024 
583 |c 20240808  |k Catalogador Asistente 
650 0 |9 309143  |a Idioma español  |x Ciencias de la salud  |v Modelo de examen  
650 0 |9 314728  |a Lengua española  |v Gramática   |x Medicina y salud pública  
650 0 |9 890126  |a Spanish language  |x Grammar   |x Medicine and public health 
700 |a Prada, Marisa de  |e autora  |9 889341 
700 |a Marcé, Pilar   |e autora  |9 890601 
700 |a Salazar, Danica  |e autora  |9 890602 
942 |2 ddc  |c BK 
952 |0 0  |1 0  |2 ddc  |4 0  |6 465_000000000000000_JUA_2009  |7 0  |8 A  |9 596249  |a BIBGIM  |b BIBGIM  |d 2024-08-08  |i 5662360  |l 1  |m 1  |o 465 JUA 2009  |p 5662360  |q 2025-07-31  |r 2025-01-15  |s 2025-01-14  |t 1  |w 2024-08-08  |y BK  |k ELE